ARRUPE JESUIT UNIVERSITY

CORONAVIRUS -STOP THE SPREAD - CLEAN,DISINFECT,COVER

Authoring a PhD : (Record no. 131185)

MARC details
000 -LEADER
fixed length control field 01555cam a22003494a 4500
001 - CONTROL NUMBER
control field 12985759
003 - CONTROL NUMBER IDENTIFIER
control field ARRUPE
005 - DATE AND TIME OF LATEST TRANSACTION
control field 20220401083432.0
008 - FIXED-LENGTH DATA ELEMENTS--GENERAL INFORMATION
fixed length control field 021030s2003 enka bf 001 0 eng
010 ## - LIBRARY OF CONGRESS CONTROL NUMBER
LC control number 2002042453
020 ## - INTERNATIONAL STANDARD BOOK NUMBER
International Standard Book Number 1403911916 (hbk.)
020 ## - INTERNATIONAL STANDARD BOOK NUMBER
International Standard Book Number 1403905843 (pbk.)
040 ## - CATALOGING SOURCE
Original cataloging agency DLC
Transcribing agency DLC
Modifying agency DLC
042 ## - AUTHENTICATION CODE
Authentication code pcc
050 00 - LIBRARY OF CONGRESS CALL NUMBER
Classification number LB2369
Item number .D85 2003
082 00 - DEWEY DECIMAL CLASSIFICATION NUMBER
Classification number 808/.02
Edition number 21
300 ## - PHYSICAL DESCRIPTION
Other physical details ill. ;
Dimensions 23 cm.
100 1# - MAIN ENTRY--PERSONAL NAME
Personal name Dunleavy, Patrick.
9 (RLIN) 51099
245 10 - TITLE STATEMENT
Title Authoring a PhD :
Remainder of title how to plan, draft, write, and finish a doctoral thesis or dissertation /
Statement of responsibility, etc Patrick Dunleavy.
246 3# - VARYING FORM OF TITLE
Title proper/short title Authoring a doctor of philosophy
260 ## - PUBLICATION, DISTRIBUTION, ETC. (IMPRINT)
Place of publication, distribution, etc Houndmills, Basingstoke, Hampshire ;
-- New York :
Name of publisher, distributor, etc Palgrave Macmillan,
Date of publication, distribution, etc 2003.
300 ## - PHYSICAL DESCRIPTION
Extent xiii, 297 p. :
440 #0 - SERIES STATEMENT/ADDED ENTRY--TITLE
Title Palgrave study guides
9 (RLIN) 51100
504 ## - BIBLIOGRAPHY, ETC. NOTE
Bibliography, etc Includes bibliographical references (p. 287-290) and index.
650 #0 - SUBJECT ADDED ENTRY--TOPICAL TERM
Topical term or geographic name as entry element Dissertations, Academic
General subdivision Authorship
Form subdivision Handbooks, manuals, etc.
9 (RLIN) 51101
650 #0 - SUBJECT ADDED ENTRY--TOPICAL TERM
Topical term or geographic name as entry element Academic writing
Form subdivision Handbooks, manuals, etc.
9 (RLIN) 37945
856 42 - ELECTRONIC LOCATION AND ACCESS
Materials specified Contributor biographical information
Uniform Resource Identifier <a href="http://www.loc.gov/catdir/bios/hol052/2002042453.html">http://www.loc.gov/catdir/bios/hol052/2002042453.html</a>
856 42 - ELECTRONIC LOCATION AND ACCESS
Materials specified Publisher description
Uniform Resource Identifier <a href="http://www.loc.gov/catdir/description/hol032/2002042453.html">http://www.loc.gov/catdir/description/hol032/2002042453.html</a>
856 41 - ELECTRONIC LOCATION AND ACCESS
Materials specified Table of contents
Uniform Resource Identifier <a href="http://www.loc.gov/catdir/toc/hol031/2002042453.html">http://www.loc.gov/catdir/toc/hol031/2002042453.html</a>
906 ## - LOCAL DATA ELEMENT F, LDF (RLIN)
a 7
b cbc
c orignew
d 1
e ocip
f 20
g y-gencatlg
942 ## - ADDED ENTRY ELEMENTS (KOHA)
Source of classification or shelving scheme Library of Congress Classification
Koha item type Monograph ( Printed materials)
Holdings
Withdrawn status Lost status Source of classification or shelving scheme Damaged status Not for loan Collection code Home library Current library Shelving location Date acquired Total Checkouts Full call number Barcode Date last seen Price effective from Koha item type
    Library of Congress Classification     Main Collection ARRUPE LIBRARY ARRUPE LIBRARY Main Collection 01/04/2022   LB2369 .D85 2003 46600008245 01/04/2022 01/04/2022 Monograph ( Printed materials)

 

Arrupe Library. PO Box MP320 Mt Pleasant, Harare, Zimbabwe
263 242 745411|librarian@aju.ac.zw